000 00529nam a2200181Ia 4500
008 100917s9999 xx 000 0 und d
082 _b31077
100 _aमराठे प्र. द.
245 _aअग्नयिात्रा
260 _bशिरिष अेजन्सीज
_c1977
300 _a194
365 _b13
520 _aकादंबरी
630 _aअग्नयिात्रा
650 _aकादंबरी
730 _aअग्नयिात्रा
942 _cBOOK
999 _c636471
_d636468